000 00748nam a22002292 4500
001 0000009692
005 20151217155218.0
008 081117s xx 000 0 eng d
020 _a0023528907 :
040 _aKABU
_cKABU
100 1 _aHeinich, Robert.
_@0000161430
245 1 0 _aInstructional media and the new technologies of instruction /
_cRobert Heinich, Michael Molenda, James D. Russell.
250 _a2nd ed.
260 _aNew York :
_bMacmillan,
_c1985.
300 _axiv, 414 p.
650 0 _aEducational technology.
_@0000153550
700 1 _aMolenda, Michael.
_@0000161431
700 1 _aRussell, James D.
_@0000161432
852 1 _9p500 KES
908 _a081117
950 _@1
999 _c12033
_d12033